Piłkarska kariera Kamila Glika. - Statystyki

Ogólne statystyki
  • Ten quiz został rozwiązany 105 razy
  • Średni wynik to 5 z 10
Statystyki odpowiedzi
Lata Drużyna % Poprawnych
2016-2020 Monaco
98%
2011-2016 Torino
85%
2020-teraz Benevento
81%
2008-2010 Piast Gliwice
53%
2007-2008 Real Madryt C
42%
2010-2011 Palermo
31%
2011-2011 Palermo
31%
2011-2011 Bari
28%
?-2005 Silesia Lubomia
6%
2006-2007 Horadada
5%
Nie znaleziono quizów pasujących do podanych kryteriów
Rozkład punktacji
Procent ludzi z każdym wynikiem
Percentyl według liczby udzielonych odpowiedzi
Twoja historia wyników
Nie rozwiązałeś tego quizu